LEADER 01721nam a2200337 a 4500 001 000000129271 003 CaOOAMICUS 005 20120613094943.0 008 120613s2011 it u000 u ita r 020 $z9788889094822* 040 $aPUL$bita 082 04$a230.092 100 1 $aGuglielmi, Giuseppe,$d1976-$0(OLS)http://pul/name/68752 245 10$aB. J. F. Lonergan tra tomismo e filosofie contemporanee :$bcoscienza, significato e linguaggio /$cGiuseppe Guglielmi ; prefazione di Rocco Pititto. 246 33$aLonergan tra tomismo e filosofie contemporanee 260 $aNapoli :$bE.D.I.,$cİ2011. 300 $a175 p. ;$c23 cm 490 1 $aSemiotica ed ermeneutica. Collana di testi e studi filosofici. Nuova serie ;$v06 504 $aBibliografia p. [163]-172. 600 14$aLonergan, Bernard Joseph Francis,$cS.I.,$d1904-1984$xCritica e interpretazione.$0(OLS)http://pul/subject/27742 700 1 $aPititto, Rocco.$0(OLS)http://pul/name/27019 830 0$aSemiotica ed ermeneutica.$pCollana di testi e studi filosofici.$pNuova serie ;$v06.$0(OLS)http://pul/title/163368 850 $aPUL 852 $aPUL$W1$xDP2 Religione 3$y114$m230. 092 GUGGI 1$j149695$qDDC 21$B148217$CPULBib$Z2$F148217 $H119357 $82 941 1 $a9 996 $6020$z9788889094822*$9(OLS)http://pul/number/149989 996 $6082$a230.092$9(OLS)http://pul/classification/553 996 $6245$aB. J. F. Lonergan tra tomismo e filosofie contemporanee :$bcoscienza, significato e linguaggio$9(OLS)http://pul/title/163366 996 $6246$aLonergan tra tomismo e filosofie contemporanee$9(OLS)http://pul/title/163367 996 $6260$aNapoli :$bE.D.I.$9(OLS)http://pul/publisher/70549 LEADER 01174nam a2200277 a 4500 001 000000154677 003 CaOOAMICUS 005 20161005125642.0 008 161005s1965 it u000 u ita u 032 $aLibriCat 035 $a10903189 040 $aPUL$bita 100 1 $aSturzo, Luigi,$csac.,$d1871-1959.$0(OLS)http://pul/name/5972 245 10$aItalia e fascismo (1926) /$cLuigi Sturzo. 260 $aBologna :$bZanichelli,$c1965. 300 $axii, 307p. ;$c24 cm. 490 1 $aOpera omnia di Luigi Sturzo.$aI serie, Opere ;$v01 650 4$aFascismo$zItalia$xStoria.$0(OLS)http://pul/subject/3600 830 0$aOpera omnia di Luigi Sturzo.$nI serie,$pOpere ;$v01.$0(OLS)http://pul/title/21258 850 $aPUL 852 $aPUL$W1$xDP1 Fondo G. Barberini$y122$m9 A 3$j44519$qFondi$B180754$CPULBib$Z2$F180754 $HBar229 $81 852 $aPUL$W1$xDP1 Fondo De Girolamo$y124$m1 C 31.1.1$j193791$b2. copia$qFondi$B199180$CPULBib$Z2$F199180 $81 941 1 $a1 996 $6245$aItalia e fascismo (1926)$9(OLS)http://pul/title/194306 996 $6260$aBologna :$bZanichelli$9(OLS)http://pul/publisher/48255